| 000 | 00651nam a2200193 i 4500 | ||
|---|---|---|---|
| 001 | bg | ||
| 100 | 1 | _aWŁUDYKA, Tadeusz | |
| 245 | 1 | 0 |
_aEuropejskie Zgrupowanie Interesów Gospodarczych i Spółka Europejska / _cTadeusz Włudyka ; [tł. Piotr Nowakowski]. |
| 260 |
_aKraków : _bTowarzystwo Autorów i Wydawców Prac Naukowych "Universitas", _c2000. |
||
| 300 |
_a61 s. ; _c24 cm. |
||
| 650 | 9 |
_aSpółki handlowe _xprawo wspólnotowe europejskie _ystan na 2000 r. |
|
| 020 | _a8370526926 | ||
| 040 | _cBPK | ||
| 041 | 1 |
_apl _hen |
|
| 080 | _a347.72(4-67) | ||
| 920 | _a83-7052-692-6 | ||
| 942 | _cKS | ||
| 008 | s pl f |000 0 pol | ||
| 999 |
_c38439 _d38439 |
||
| 856 |
_uhttp://koha.tu.koszalin.pl/cgi-bin/koha/opac-detail.pl?biblionumber=38439 _yKatalog online BPK |
||